000 00404 a2200157 4500
001 62711
020 _a9783126758574
040 _cAnchieta - Pituba
100 _aFischer-Mitziviris, Anni
240 1 0 _aSo geht's noch besser neu A2-B1
_lpor
245 1 0 _aSo geht's noch besser neu A2-B1
300 _a64
362 0 _a2018
650 4 _aLínguas germânicas (teutônicas) língua alemã
942 _cBK
999 _c62711
_d62711